| 000 | 00906nam0a22002531 4500 | ||
|---|---|---|---|
| 001 | rc\3342082 | ||
| 005 | 20250609214808.0 | ||
| 021 |
_aRU _b[74-2864] |
||
| 035 | _a(NLR Aleph) 007517747 | ||
| 090 |
_a7715533 _c7715533 |
||
| 100 | _a20130115d1973 |||y0rusy50 ca | ||
| 101 | 0 | _arus | |
| 102 | _aRU | ||
| 105 | _ay z ||||| | ||
| 200 | 1 | _aСовершенствование кредитования и расчетов снабженческо-сбытовых организаций | |
| 210 |
_aМинск _cНаука и техника _d1973 |
||
| 215 |
_a136 с. _d16 |
||
| 606 |
_aСнабженческо-сбытовые организации _xКредитование и финансирование _2psbo |
||
| 700 | 1 |
_aТкачук _bС.С. _gСергей Семенович |
|
| 801 | 0 |
_aRU _bNLR _gpsbo |
|
| 801 | 1 |
_aRU _bELAR _2rusmarc |
|
| 852 |
_aNLR _j73-2/2873 |
||
| 942 | _cBOOK | ||
| 980 | _aNB | ||